Sexo barroco y otras transgresiones premodernas

Gardado en:
Detalles Bibliográficos
Autor Principal: Tomás y Valiente, Francisco (Author)
Formato: Libro
Idioma:Lingua castelá
Publicado: Madrid, España Alianza 1990
Series:Alianza Universidad, 662
Subjects:
Tags: Engadir etiqueta
Sen Etiquetas, Sexa o primeiro en etiquetar este rexistro!

MARC

LEADER 00000nam a2200000 a 4500
001 UCL0780
003 CL-VaPUC
005 20250227153657.0
008 030818e19900000SP |||||||||||||||||spa|d
999 |c 304559  |d 304557 
020 |a 8420626627 
040 |c Pontificia Universidad Católica de Valparaíso 
082 0 4 |a 301 TOM 1990  |2 21 
100 0 |a Tomás y Valiente, Francisco  |e author  |9 477531 
245 1 0 |a Sexo barroco y otras transgresiones premodernas 
260 |a Madrid, España  |b Alianza  |c 1990 
300 |a 213 páginas 
490 0 |a Alianza Universidad,  |v  662 
583 |a last modification  |c 20030818 00:00:00  |k Rodrigo Vera 
650 0 |a Antropología cultural y social   |9 265143 
650 0 |a Historia de España  |x INQUISICION  |9 315435 
650 0 |a Delitos  |z ESPAÑA  |9 224143 
650 0 |a Vida sexual  |z ESPAÑA  |9 477532 
852 |a BIBCUR 
942 |c BK  |2 ddc 
945 |d 20030818 00:00:00  |a cmena 
952 |0 0  |1 0  |2 ddc  |4 0  |6 301_000000000000000_TOM_1990  |7 0  |8 A  |9 366942  |a BIBHIS  |b BIBHIS  |d 2019-11-21  |i 3890155  |o 301 TOM 1990  |p 3890155  |r 2025-01-20  |t 1  |w 2019-11-21  |y BK  |k HIS